| 000 | 00339nam a22001457a 4500 | ||
|---|---|---|---|
| 003 | OSt | ||
| 005 | 20160727222454.0 | ||
| 008 | 160705b xxu||||| |||| 00| 0 eng d | ||
| 040 | _cTEST | ||
| 100 |
_92140 _a Saltzman, A |
||
| 245 | _aDown - Shifting | ||
| 260 |
_aN.Y _b Harper Collins _c1991 |
||
| 300 | _aDown - Shifting | ||
| 942 |
_2ddc _cBK |
||
| 999 |
_c1833 _d1833 |
||